000 00829cam a2200289 4500
008 090401t1992 xxu||||| |||| 00| 0 eng d
020 _a085121942X
035 _a(Sirsi) u6867
041 _aeng
050 _a346.410438
100 _aAldridge, Trevor M.
245 _aCompanion to Standard Conditions of Sale (second edition).
260 _aLondon
_bLongman
_c1992
300 _a20p. ; 26x11cm.
350 _a7.95
520 _aReplaces the National Conditions of Sale and the Law Society`s General Conditions of Sale.
650 _aCONVEYANCING
650 _aGENERAL CONDITIONS OF SALE
650 _aHOUSE SALES
650 _aLAND SALES
650 _aLAW SOCIETY
650 _aNATIONAL CONDITIONS OF SALE
650 _aSTANDARD CONDITIONS OF SALE
690 _aLAW
942 _n0
948 _c04/03/1997
999 _c86360
_d86360